[Event "TUR-chT 1st League"]
[Site "Denizli"]
[Date "2023.07.15"]
[Round "9.33"]
[White "Gunduz, Umut Erdem"]
[Black "Bayindir, Kuzey"]
[Result "1-0"]
[WhiteElo "2340"]
[BlackElo "1595"]
[PlyCount "87"]
[EventDate "2023.07.09"]
[EventType "team-swiss"]
[EventRounds "9"]
[EventCountry "TUR"]
[SourceTitle "CBM 215 Extra"]
[Source "ChessBase"]
[SourceDate "2023.09.30"]
[SourceVersion "1"]
[SourceVersionDate "2023.09.30"]
[SourceQuality "1"]
[WhiteTeam "Alacati Satranc"]
[BlackTeam "Besiktas Jimnastik"]
[WhiteTeamCountry "TUR"]
[BlackTeamCountry "TUR"]

1. e4 e6 2. d4 d5 3. Nd2 dxe4 4. Nxe4 Nd7 5. Nf3 Ngf6 6. Nxf6+ Nxf6 7. Be3 Bd6 8. Bd3 0-0 9. Qe2 b6 10. 0-0-0 Bb7 11. Kb1 Nd5 12. Bg5 Qe8 13. h4 Qa4 14. Bd2 Bf4 15. Bb5 Ba6 16. Bxa6 Bxd2 17. Rxd2 Qb4 18. Ka1 Nc3 19. bxc3 Qxc3+ 20. Kb1 Qb4+ 21. Kc1 Qc3 22. Rdd1 Qa3+ 23. Kd2 Qb4+ 24. c3 Qb2+ 25. Ke1 Qxc3+ 26. Kf1 c5 27. dxc5 bxc5 28. g3 Rad8 29. Kg2 Rd5 30. Bc4 Rf5 31. Bd3 Rd5 32. Be4 Rxd1 33. Rxd1 f5 34. Bd3 Re8 35. Bxf5 e5 36. Qe4 g6 37. Bxg6 hxg6 38. Qxg6+ Kf8 39. Rd7 Qxf3+ 40. Kxf3 Re7 41. Qf6+ Kg8 42. Qxe7 e4+ 43. Kxe4 c4 44. Qe8# 1-0

[Event "TUR-chT 1st League"]
[Site "Denizli"]
[Date "2023.07.10"]
[Round "3.36"]
[White "Bayindir, Kuzey"]
[Black "Kocu, Arda Mert"]
[Result "0-1"]
[WhiteElo "1595"]
[BlackElo "1728"]
[PlyCount "86"]
[EventDate "2023.07.09"]
[EventType "team-swiss"]
[EventRounds "9"]
[EventCountry "TUR"]
[SourceTitle "CBM 215 Extra"]
[Source "ChessBase"]
[SourceDate "2023.09.30"]
[SourceVersion "1"]
[SourceVersionDate "2023.09.30"]
[SourceQuality "1"]
[WhiteTeam "Besiktas Jimnastik"]
[BlackTeam "Mavisehir Altyapi"]
[WhiteTeamCountry "TUR"]
[BlackTeamCountry "TUR"]

1. e4 e6 2. d3 d5 3. Nd2 Nf6 4. Ngf3 c5 5. g3 Nc6 6. Bg2 Be7 7. 0-0 Qc7 8. Re1 b6 9. Nf1 d4 10. e5 Nd7 11. h4 Bb7 12. N1h2 0-0-0 13. Bf4 h6 14. Ng4 Rdg8 15. h5 g5 16. Bd2 Kb8 17. Qe2 Bf8 18. c3 dxc3 19. bxc3 Bg7 20. d4 Ne7 21. Rac1 Rc8 22. Be3 c4 23. Nd2 Bxg2 24. Kxg2 Qc6+ 25. f3 Nf5 26. Ne4 Rhf8 27. Bf2 Rce8 28. Ne3 Nxe3+ 29. Bxe3 Rc8 30. Nd6 Rc7 31. Kg1 f6 32. f4 fxe5 33. dxe5 Bxe5 34. Nxc4 gxf4 35. Nxe5 Nxe5 36. Bxf4 Nf3+ 37. Kf2 Nxe1 38. Kxe1 e5 39. Bxe5 Re8 40. Rd1 Qh1+ 41. Kd2 Qd5+ 42. Kc1 Qxe5 43. Rd8+ Rc8 0-1

[Event "TUR Cup										"]
[Site "Antalya"]
[Date "2018.02.02"]
[Round "10"]
[White "Ozsarilar, Osman Nuri"]
[Black "Bayindir, Kuzey"]
[Result "1/2-1/2"]
[WhiteElo "1833"]
[BlackElo "1651"]
[PlyCount "180"]
[EventDate "2018.01.27"]
[EventType "swiss"]
[EventRounds "11"]
[EventCountry "TUR"]
[SourceTitle "CBM 182 Extra"]
[Source "ChessBase"]
[SourceDate "2018.02.23"]
[SourceVersion "1"]
[SourceVersionDate "2018.02.23"]
[SourceQuality "1"]

1. e4 e6 2. d4 d5 3. Nd2 dxe4 4. Nxe4 Nd7 5. Bd3 Ngf6 6. Nf3 Nxe4 7. Bxe4 Nf6 8. Bd3 Be7 9. 0-0 0-0 10. c3 b6 11. Bg5 Bb7 12. Qe2 h6 13. Bh4 Nh5 14. Bxe7 Qxe7 15. g3 Nf6 16. Ne5 Qd6 17. f3 Rad8 18. Rad1 c5 19. Bb1 cxd4 20. cxd4 Rc8 21. Qd3 Rfd8 22. Rd2 Qd5 23. h3 a6 24. Kh2 b5 25. g4 Kf8 26. h4 Ke7 27. Kg3 b4 28. Re1 Nd7 29. Nxd7 Rxd7 30. Qe3 Rc4 31. Red1 Qd6+ 32. Kg2 Bd5 33. Qe5 Qxe5 34. dxe5 Rxg4+ 35. Kh3 Rf4 36. Be4 g5 37. hxg5 hxg5 38. Kg3 Ra7 39. Bxd5 exd5 40. Rxd5 a5 41. b3 Rh4 42. e6 fxe6 43. Rxg5 Rh7 44. Kf4 a4 45. Rdg1 axb3 46. axb3 Rf7+ 47. Ke4 Kd6 48. Rd1+ Kc6 49. Rg6 Rfe7 50. Rd4 Kc5 51. Rg5+ Kc6 52. Rxb4 Reb7 53. Rc4+ Kd6 54. Rd4+ Ke7 55. Rg7+ Kf6 56. Rxb7 Rxb7 57. b4 e5 58. Rc4 Ke6 59. Kd3 Kd5 60. Rc5+ Kd6 61. Kc4 Rf7 62. Rd5+ Kc6 63. b5+ Kb6 64. Rd6+ Kc7 65. Rd3 Kb6 66. Rb3 Rd7 67. Rd3 Rc7+ 68. Kb4 Rf7 69. Rd6+ Kc7 70. Rc6+ Kb7 71. Re6 Rxf3 72. Rxe5 Rf6 73. Ka5 Rh6 74. Re7+ Kb8 75. Rd7 Rf6 76. Rd5 Rh6 77. Rc5 Kb7 78. Rf5 Rg6 79. Rf7+ Kb8 80. b6 Rg1 81. Rf5 Ra1+ 82. Kb5 Rb1+ 83. Kc6 Rc1+ 84. Rc5 Rxc5+ 85. Kxc5 Kb7 86. Kb5 Kb8 87. Kc6 Kc8 88. Kc5 Kb7 89. Kb5 Kb8 90. Ka6 Ka8 1/2-1/2

[Event "TUR Cup										"]
[Site "Antalya"]
[Date "2018.01.31"]
[Round "7"]
[White "Bayindir, Kuzey"]
[Black "Kavrut, Adnan"]
[Result "1-0"]
[WhiteElo "1651"]
[BlackElo "1434"]
[PlyCount "159"]
[EventDate "2018.01.27"]
[EventType "swiss"]
[EventRounds "11"]
[EventCountry "TUR"]
[SourceTitle "CBM 182 Extra"]
[Source "ChessBase"]
[SourceDate "2018.02.23"]
[SourceVersion "1"]
[SourceVersionDate "2018.02.23"]
[SourceQuality "1"]

1. e4 e6 2. b3 c5 3. Bb2 Nc6 4. g3 d5 5. exd5 exd5 6. Bg2 Be6 7. Ne2 Nf6 8. 0-0 Bd6 9. d4 0-0 10. Nbc3 cxd4 11. Nxd4 a6 12. Nxe6 fxe6 13. Re1 Qd7 14. Bh3 Rae8 15. Nxd5 Nxd5 16. Qxd5 exd5 17. Bxd7 Rd8 18. Be6+ Kh8 19. Kg2 Bc5 20. f4 d4 21. Bc4 b5 22. Bd3 Rfe8 23. a3 Ne7 24. b4 Bb6 25. Be4 Nc8 26. Rad1 Re7 27. Bf5 Rxe1 28. Rxe1 Nd6 29. Bd3 Nc4 30. Bc1 g6 31. Kf3 Kg7 32. Re7+ Kg8 33. a4 Rd6 34. axb5 axb5 35. Re8+ Kf7 36. Rc8 Rd8 37. Bxc4+ bxc4 38. Rc6 d3 39. cxd3 Rxd3+ 40. Kg2 Rc3 41. Rxb6 Rxc1 42. Kf3 c3 43. Ke3 Rd1 44. Rc6 Rb1 45. Rxc3 Rxb4 46. Rc7+ Kg8 47. Kf3 Rb5 48. Kg4 h6 49. h3 Rf5 50. Kh4 Rb5 51. Kg4 Rf5 52. Ra7 Rb5 53. Re7 Ra5 54. Re5 Ra4 55. h4 Kf7 56. Rb5 Kg7 57. h5 g5 58. Kf5 gxf4 59. gxf4 Ra7 60. Rb6 Ra5+ 61. Kg4 Ra4 62. Re6 Rb4 63. Rg6+ Kh7 64. Ra6 Kg7 65. Ra7+ Kg8 66. Re7 Rb1 67. Kf5 Rb5+ 68. Re5 Rb6 69. Re6 Rb7 70. Kg6 Rg7+ 71. Kxh6 Rg1 72. Rg6+ Kh8 73. Rg5 Ra1 74. f5 Ra6+ 75. Rg6 Ra5 76. Rf6 Ra8 77. Re6 Rg8 78. f6 Rg2 79. Re8+ Rg8 80. f7 1-0

[Event "TUR Cup"]
[Site "Antalya"]
[Date "2017.02.02"]
[Round "9"]
[White "Bayindir, Kuzey"]
[Black "Gozubuyukoglu, Selami"]
[Result "0-1"]
[WhiteElo "1630"]
[BlackElo "1830"]
[PlyCount "74"]
[EventDate "2017.01.28"]
[EventType "swiss"]
[EventRounds "11"]
[EventCountry "TUR"]
[SourceTitle "CBM 176 Extra"]
[Source "ChessBase"]
[SourceDate "2017.03.02"]
[SourceVersion "1"]
[SourceVersionDate "2017.03.02"]
[SourceQuality "1"]

1. c4 Nf6 2. Nc3 e6 3. d4 Bb4 4. a3 Bxc3+ 5. bxc3 h6 6. Nf3 b6 7. Nd2 Bb7 8. Qc2 d6 9. e4 Nbd7 10. Be2 0-0 11. 0-0 Rc8 12. f3 Nh7 13. Bd3 e5 14. Nb3 c5 15. d5 b5 16. a4 bxc4 17. Bxc4 Nb6 18. Nd2 Nxc4 19. Nxc4 Ba6 20. Qa2 f5 21. Be3 f4 22. Bf2 Rf6 23. Rfb1 Rg6 24. Be1 Qg5 25. Na3 Qh5 26. Qf2 Ng5 27. Kh1 Bd3 28. Rb2 Nxe4 29. fxe4 Bxe4 30. Qh4 Qf5 31. c4 f3 32. Rf2 Rxg2 33. Nb5 Qg6 34. Bd2 Rg4 35. Qe7 Rg2 36. Qh4 Rg5 37. Be3 a6 0-1

[Event "TUR Cup"]
[Site "Antalya"]
[Date "2017.01.30"]
[Round "4"]
[White "Odabasi, Nail"]
[Black "Bayindir, Kuzey"]
[Result "1/2-1/2"]
[WhiteElo "1423"]
[BlackElo "1630"]
[PlyCount "38"]
[EventDate "2017.01.28"]
[EventType "swiss"]
[EventRounds "11"]
[EventCountry "TUR"]
[SourceTitle "CBM 176 Extra"]
[Source "ChessBase"]
[SourceDate "2017.03.02"]
[SourceVersion "1"]
[SourceVersionDate "2017.03.02"]
[SourceQuality "1"]

1. d4 Nf6 2. c4 g6 3. Nc3 Bg7 4. e4 d6 5. f3 0-0 6. Be3 e5 7. Nge2 Nc6 8. Qd2 exd4 9. Nxd4 Nxd4 10. Bxd4 Nd7 11. Bxg7 Kxg7 12. 0-0-0 Ne5 13. h4 Be6 14. b3 Qe7 15. Be2 Rad8 16. g4 h6 17. Nd5 Bxd5 18. exd5 f5 19. gxf5 Rxf5 1/2-1/2

[Event "TUR Cup"]
[Site "Antalya"]
[Date "2017.01.29"]
[Round "2"]
[White "Borekcioglu, Yusuf"]
[Black "Bayindir, Kuzey"]
[Result "0-1"]
[WhiteElo "1477"]
[BlackElo "1630"]
[PlyCount "69"]
[EventDate "2017.01.28"]
[EventType "swiss"]
[EventRounds "11"]
[EventCountry "TUR"]
[SourceTitle "CBM 176 Extra"]
[Source "ChessBase"]
[SourceDate "2017.03.02"]
[SourceVersion "1"]
[SourceVersionDate "2017.03.02"]
[SourceQuality "1"]

1. e4 e6 2. Nf3 d5 3. exd5 exd5 4. d4 Bd6 5. Be2 Bf5 6. 0-0 Ne7 7. Nbd2 0-0 8. b3 h6 9. c4 c6 10. c5 Bc7 11. b4 Nd7 12. Qb3 Nf6 13. Bd3 Bxd3 14. Qxd3 Ng6 15. Re1 Re8 16. Nf1 Rxe1 17. Nxe1 Bf4 18. g3 Bxc1 19. Rxc1 Qd7 20. Ne3 Re8 21. Nf3 Qh3 22. Qf5 Qxf5 23. Nxf5 Re2 24. Nd6 Ne4 25. Nxb7 Rxf2 26. Rf1 Rxf1+ 27. Kxf1 f6 28. Ke1 Nc3 29. a3 Nb5 30. a4 Nc3 31. a5 Ne4 32. b5 cxb5 33. c6 Ne7 34. c7 Nc8 35. Nh4 0-1